000 00453nam a22001097a 4500
082 _a658
100 _aचंद्रेश मकवाणा
_983858
245 _aचाणक्‍यमेंट आचार्य चाणक्‍य से सीखें मैनेजमेंट के गुण
260 _aनई दिल्‍ली
_bनमस्‍कार बुक्‍स
_c2024
650 _aप्रबंधन
942 _cHIN
999 _c68854
_d68854